[Event "K41 Efteraars EMT Mesterklassen 2007"]
[Site "Valby"]
[Date "2007.09.11"]
[Round "1"]
[White "Eriksson, Christian Altenburg"]
[Black "Jakobsen, Peter"]
[Result "1-0"]
[WhiteElo "2057"]
[BlackElo "2215"]
[PlyCount "55"]
[EventDate "2007.??.??"]

1. e4 c5 2. c3 Nf6 3. e5 Nd5 4. d4 cxd4 5. Nf3 Nc6 6. cxd4 d6 7. Bc4 Nb6 8. Bb3
dxe5 9. d5 Na5 10. Nc3 Nxb3 11. Qxb3 e6 12. Nxe5 exd5 13. Be3 Bd6 14. Qb5+ Kf8
15. Nf3 Be6 16. Qd3 Nc4 17. O-O h6 18. Nb5 Be7 19. Nbd4 Qd7 20. Rae1 Bf6 21. b3
Nd6 22. Bf4 Re8 23. Ne5 Bxe5 24. Bxe5 Ne4 25. f3 Nc5 26. Qc3 b6 27. Bxg7+ Kxg7
28. Nxe6+ 1-0

[Event "K41 Efteraars EMT Mesterklassen 2007"]
[Site "Valby"]
[Date "2007.09.27"]
[Round "1"]
[White "Struch, Thomas"]
[Black "Hollesen, Kurt"]
[Result "0-1"]
[WhiteElo "2098"]
[BlackElo "1999"]
[PlyCount "96"]
[EventDate "2007.??.??"]

1. e4 c6 2. d4 d5 3. Nc3 dxe4 4. Nxe4 Bf5 5. Ng3 Bg6 6. h4 h6 7. Nf3 Nd7 8. h5
Bh7 9. Bd3 Bxd3 10. Qxd3 e6 11. Bf4 Qa5+ 12. Bd2 Qc7 13. O-O-O Ngf6 14. Ne4
Nxe4 15. Qxe4 Nf6 16. Qe2 Bd6 17. g3 a5 18. Kb1 b5 19. Nh4 Kd7 20. Nf3 Kc8 21.
c4 b4 22. Be3 Kb7 23. Qc2 Ra6 24. Rh4 Rha8 25. Qd2 Rd8 26. Qe2 a4 27. Qe1 Ka8
28. Qe2 Ra5 29. Nd2 c5 30. Bxh6 gxh6 31. Qf3+ Kb8 32. Qxf6 Be7 33. Qxh6 Bxh4
34. gxh4 Rxd4 35. Qf6 Qf4 36. Qg5 Qxh4 37. Qe5+ Kb7 38. Kc1 Qf4 39. Qg7 Rxc4+
40. Kb1 Qf5+ 41. Ka1 Qxh5 42. Rg1 Rd4 43. Nb1 Rd7 44. Rg5 Qe2 45. a3 Rb5 46.
Qh8 Rd1 47. Qh7 bxa3 48. Qxf7+ Ka6 0-1

[Event "K41 Efteraars EMT Mesterklassen 2007"]
[Site "Valby"]
[Date "2007.09.11"]
[Round "1"]
[White "Nielsen, Michael"]
[Black "Christensen, Esben"]
[Result "1-0"]
[WhiteElo "2043"]
[BlackElo "2006"]
[PlyCount "91"]
[EventDate "2007.??.??"]

1. d4 c5 2. c3 e6 3. Nf3 Nf6 4. e3 d5 5. Bd3 Nc6 6. O-O Bd6 7. Nbd2 O-O 8. dxc5
Bxc5 9. b4 Bd6 10. Bb2 Bd7 11. a3 Ng4 12. Rc1 Nce5 13. Be2 Nxf3+ 14. Nxf3 Ne5
15. c4 Nxf3+ 16. Bxf3 a5 17. cxd5 e5 18. Qd2 f5 19. Be2 g5 20. Bc4 g4 21. f4
gxf3 22. Rxf3 Rf6 23. Rcf1 Rg6 24. Bc3 Qh4 25. Bb3 e4 26. Rf4 Bxf4 27. Rxf4 Qg5
28. bxa5 h5 29. Rf2 Kh7 30. Qd4 Rag8 31. Qd2 Rc8 32. Be5 Qe7 33. Bb2 Qc5 34.
Qe2 Kh6 35. Bd1 Rg4 36. h3 Bb5 37. Qd2 Rg3 38. Bd4 Qc1 39. Be5 Rgg8 40. Bf4+
Kh7 41. d6 Qxd2 42. Rxd2 Rc1 43. Kh2 Kg6 44. d7 Bd3 45. Ba4 Rc4 46. Bb3 1-0

[Event "K41 Efteraars EMT Mesterklassen 2007"]
[Site "Valby"]
[Date "2007.09.18"]
[Round "2"]
[White "Brondum, Eric"]
[Black "Struch, Thomas"]
[Result "1/2-1/2"]
[WhiteElo "2126"]
[BlackElo "2098"]
[PlyCount "31"]
[EventDate "2007.??.??"]

1. d4 d5 2. Nf3 Nf6 3. c4 dxc4 4. Nc3 c5 5. d5 e6 6. e4 exd5 7. e5 Nfd7 8. Bg5
Be7 9. Bxe7 Qxe7 10. Nxd5 Qd8 11. Bxc4 Nc6 12. Qe2 Nb6 13. O-O-O Nxd5 14. Bxd5
Qe7 15. Rhe1 Be6 16. Qc4 1/2-1/2

[Event "K41 Efteraars EMT Mesterklassen 2007"]
[Site "Valby"]
[Date "2007.09.18"]
[Round "2"]
[White "Christensen, Esben"]
[Black "Eriksson, Christian Altenburg"]
[Result "0-1"]
[WhiteElo "2006"]
[BlackElo "2057"]
[PlyCount "66"]
[EventDate "2007.??.??"]

1. e4 c5 2. Nf3 Nc6 3. d4 cxd4 4. Nxd4 Nf6 5. Nc3 e5 6. Ndb5 d6 7. Bg5 a6 8.
Na3 b5 9. Nd5 Be7 10. Bxf6 Bxf6 11. c3 Bg5 12. Nc2 O-O 13. a4 bxa4 14. Rxa4 a5
15. Bc4 Rb8 16. b3 Kh8 17. h4 Bh6 18. g4 Bf4 19. g5 Be6 20. Nce3 Ne7 21. Nxf4
exf4 22. Nd5 Ng6 23. h5 Ne5 24. Rg1 Qc8 25. h6 g6 26. Nf6 Bxc4 27. bxc4 Qc5 28.
Kf1 Rb2 29. Rg2 Rfb8 30. Ra1 Qxc4+ 31. Kg1 Qxc3 32. Nd5 Qh3 33. Kf1 f3 0-1

[Event "K41 Efteraars EMT Mesterklassen 2007"]
[Site "Valby"]
[Date "2007.09.18"]
[Round "2"]
[White "Hollesen, Kurt"]
[Black "Nielsen, Michael"]
[Result "1/2-1/2"]
[WhiteElo "1999"]
[BlackElo "2043"]
[PlyCount "102"]
[EventDate "2007.??.??"]

1. c4 e5 2. Nc3 Nf6 3. e4 Nc6 4. g3 d6 5. Bg2 Be6 6. d3 Qd7 7. h3 g6 8. Nge2
Nh5 9. Nd5 Bxd5 10. cxd5 Ne7 11. g4 Ng7 12. Ng3 O-O-O 13. g5 Kb8 14. h4 c6 15.
dxc6 Nxc6 16. Be3 Ne6 17. Qa4 h6 18. gxh6 Bxh6 19. O-O-O Ncd4 20. Qxd7 Rxd7 21.
Kb1 Bf4 22. h5 Rdd8 23. hxg6 fxg6 24. Rxh8 Rxh8 25. Rh1 Rxh1+ 26. Bxh1 Kc7 27.
Bg2 a6 28. Bh3 Kc6 29. Bf1 Bg5 30. Bxd4 Nxd4 31. Ne2 Nxe2 32. Bxe2 Kc5 33. Bg4
Bh4 34. f3 Kd4 35. Kc2 Ke3 36. Bc8 b6 37. Bxa6 Kxf3 38. Kc3 Bf2 39. Kc4 g5 40.
Bc8 g4 41. b4 g3 42. Bh3 g2 43. Bxg2+ Kxg2 44. Kd5 Kf3 45. Kxd6 Bd4 46. Kd5 Ke3
47. Kc4 Kf4 48. a4 Ke3 49. a5 bxa5 50. bxa5 Kf4 51. Kd5 Ke3 1/2-1/2

[Event "K41 Efteraars EMT Mesterklassen 2007"]
[Site "Valby"]
[Date "2007.09.18"]
[Round "2"]
[White "Rasmussen, Uffe B"]
[Black "Jakobsen, Peter"]
[Result "1/2-1/2"]
[WhiteElo "1984"]
[BlackElo "2215"]
[PlyCount "70"]
[EventDate "2007.??.??"]

1. Nc3 c5 2. e4 Nc6 3. f4 g6 4. Nf3 Bg7 5. Bc4 e6 6. f5 Nge7 7. fxe6 fxe6 8. a3
d5 9. Ba2 O-O 10. O-O h6 11. d3 b6 12. exd5 exd5 13. Qe1 Nd4 14. Nxd4 Rxf1+ 15.
Qxf1 cxd4 16. Ne4 Kh8 17. Ng3 Be6 18. Bd2 Nc6 19. Re1 Bg8 20. Qf4 Qd7 21. Qh4
Kh7 22. b4 b5 23. Bg5 a5 24. a4 Re8 25. Rxe8 Qxe8 26. axb5 Nxb4 27. Bb3 Qxb5
28. Bxh6 Bxh6 29. Qe7+ Kh8 30. Qf6+ Kh7 31. Qe7+ Bg7 32. Qh4+ Bh6 33. Qe7+ Bg7
34. Qh4+ Bh6 35. Qe7+ Bg7 1/2-1/2

[Event "K41 Efteraars EMT Mesterklassen 2007"]
[Site "Valby"]
[Date "2007.09.25"]
[Round "3"]
[White "Eriksson, Christian Altenburg"]
[Black "Hollesen, Kurt"]
[Result "1/2-1/2"]
[WhiteElo "2057"]
[BlackElo "1999"]
[PlyCount "81"]
[EventDate "2007.??.??"]

1. e4 c6 2. d4 d5 3. e5 Bf5 4. Nf3 e6 5. Be2 Ne7 6. O-O Nd7 7. c3 c5 8. Re1 Nc6
9. a3 Be7 10. b4 c4 11. a4 a6 12. Nbd2 b5 13. Nf1 Nb6 14. a5 Na4 15. Bd2 Nb2
16. Qc1 Nd3 17. Bxd3 Bxd3 18. Bg5 h6 19. Bxe7 Qxe7 20. Qd2 O-O 21. Ng3 Qd8 22.
Nh5 Bg6 23. Nf4 Be4 24. Qe3 Rc8 25. Nd2 Bh7 26. Qg3 Rc7 27. h4 Kh8 28. Qh3 Rg8
29. Re3 Qe7 30. Qg4 Nxb4 31. cxb4 Qxb4 32. Nf3 c3 33. Ree1 Qc4 34. h5 b4 35.
Ng6+ fxg6 36. hxg6 b3 37. gxh7 Kxh7 38. Qxe6 c2 39. Ng5+ hxg5 40. Qh3+ Kg6 41.
Qe6+ 1/2-1/2

[Event "K41 Efteraars EMT Mesterklassen 2007"]
[Site "Valby"]
[Date "2007.09.25"]
[Round "3"]
[White "Jakobsen, Peter"]
[Black "Christensen, Esben"]
[Result "1-0"]
[WhiteElo "2215"]
[BlackElo "2006"]
[PlyCount "73"]
[EventDate "2007.??.??"]

1. c4 Nf6 2. g3 g6 3. Bg2 Bg7 4. Nc3 c5 5. e4 d6 6. Nge2 O-O 7. O-O Nc6 8. d3
a6 9. h3 Rb8 10. a4 Bd7 11. Be3 Nb4 12. Qd2 b5 13. axb5 axb5 14. b3 bxc4 15.
bxc4 Qc7 16. f4 Bc6 17. g4 Nd7 18. g5 Ra8 19. Rxa8 Rxa8 20. d4 cxd4 21. Nxd4
Bb7 22. Rc1 Nc5 23. Nd5 Bxd5 24. cxd5 Qa5 25. Rb1 Nbd3 26. Qxa5 Rxa5 27. Nc6
Ra8 28. Nxe7+ Kf8 29. Nc6 h6 30. h4 hxg5 31. hxg5 f6 32. gxf6 Bxf6 33. e5 Be7
34. Nxe7 Kxe7 35. exd6+ Kxd6 36. Rb6+ Kc7 37. Rc6+ 1-0

[Event "K41 Efteraars EMT Mesterklassen 2007"]
[Site "Valby"]
[Date "2007.10.09"]
[Round "3"]
[White "Nielsen, Michael"]
[Black "Brondum, Eric"]
[Result "1-0"]
[WhiteElo "2043"]
[BlackElo "2126"]
[PlyCount "55"]
[EventDate "2007.??.??"]

1. d4 Nf6 2. Bg5 c5 3. Bxf6 gxf6 4. d5 Qb6 5. Qc1 f5 6. e3 Bg7 7. c3 d6 8. Ne2
Nd7 9. Nd2 Nf6 10. Ng3 Nxd5 11. Bd3 e6 12. Nh5 Rg8 13. g4 Be5 14. gxf5 exf5 15.
Qc2 Rg5 16. Be2 Be6 17. O-O-O Rg8 18. Nc4 Qc7 19. Nxe5 dxe5 20. Rxd5 Bxd5 21.
Nf6+ Kf8 22. Nxd5 Qc6 23. c4 e4 24. Qc3 Qd6 25. Nf4 Re8 26. Rd1 Qh6 27. Bh5 Rg5
28. Rd7 1-0

[Event "K41 Efteraars EMT Mesterklassen 2007"]
[Site "Valby"]
[Date "2007.09.25"]
[Round "3"]
[White "Struch, Thomas"]
[Black "Rasmussen, Uffe B"]
[Result "0-1"]
[WhiteElo "2098"]
[BlackElo "1984"]
[PlyCount "66"]
[EventDate "2007.??.??"]

1. e4 c5 2. c3 Nf6 3. e5 Nd5 4. d4 cxd4 5. cxd4 e6 6. Nf3 b6 7. Nc3 Nxc3 8.
bxc3 Qc7 9. Bd2 Bb7 10. Bd3 d6 11. O-O Nd7 12. Ng5 dxe5 13. Qh5 g6 14. Qh3 Be7
15. Rfe1 h6 16. f4 Bxg5 17. fxg5 h5 18. dxe5 O-O 19. Kh1 Rad8 20. Bc2 Nc5 21.
Rad1 Rd5 22. Qg3 Rfd8 23. Be3 Ne4 24. Qf4 Nxc3 25. Rc1 Nxa2 26. Bxg6 Nxc1 27.
Bxh5 Nd3 28. Qf6 Nxe1 29. g6 fxg6 30. Bxg6 Rd1 31. Qxe6+ Kh8 32. Qf6+ Qg7 33.
Qh4+ Kg8 0-1

[Event "K41 Efteraars EMT Mesterklassen 2007"]
[Site "Valby"]
[Date "2007.10.02"]
[Round "4"]
[White "Brondum, Eric"]
[Black "Eriksson, Christian Altenburg"]
[Result "1-0"]
[WhiteElo "2126"]
[BlackElo "2057"]
[PlyCount "95"]
[EventDate "2007.??.??"]

1. d4 Nf6 2. Bg5 e6 3. e4 h6 4. Bxf6 Qxf6 5. Nc3 Bb4 6. Qd3 d6 7. a3 Ba5 8. Nf3
a6 9. O-O-O Nd7 10. Qe3 b5 11. e5 Qe7 12. Ne4 Bb6 13. Qf4 d5 14. Ng3 c5 15. c3
Bb7 16. Nh5 g5 17. Qe3 b4 18. Nf6+ Kd8 19. Nxd7 Kxd7 20. cxb4 cxb4 21. Qb3
Rhc8+ 22. Kb1 a5 23. Be2 Kd8 24. g4 a4 25. Qxb4 Qxb4 26. axb4 a3 27. Rc1 a2+
28. Ka1 Ra4 29. Rxc8+ Kxc8 30. h4 Rxb4 31. hxg5 hxg5 32. Rd1 Kd7 33. Kxa2 Bc6
34. b3 Bd8 35. Ne1 Be7 36. Nc2 Rb8 37. Rh1 Ra8+ 38. Kb2 f5 39. gxf5 exf5 40.
Bd3 Rf8 41. Ne3 f4 42. Nf5 Bb4 43. Rh7+ Kd8 44. Nh6 Be8 45. Rb7 Bd2 46. e6 Rf6
47. Rb8+ Ke7 48. Ng8+ 1-0

[Event "K41 Efteraars EMT Mesterklassen 2007"]
[Site "Valby"]
[Date "2007.10.02"]
[Round "4"]
[White "Hollesen, Kurt"]
[Black "Jakobsen, Peter"]
[Result "0-1"]
[WhiteElo "1999"]
[BlackElo "2215"]
[PlyCount "70"]
[EventDate "2007.??.??"]

1. e4 c5 2. c4 Nc6 3. Nc3 Nf6 4. g3 e6 5. Bg2 d5 6. d3 dxc4 7. dxc4 Qxd1+ 8.
Nxd1 Bd7 9. Ne2 Ne5 10. b3 Bc6 11. Nec3 Nd3+ 12. Ke2 Nxc1+ 13. Rxc1 O-O-O 14.
Ne3 g5 15. Rhd1 Rxd1 16. Rxd1 a6 17. h3 Kc7 18. Rf1 Bg7 19. e5 Bxg2 20. Nxg2
Nd7 21. Ne4 Nxe5 22. Nxg5 h6 23. Ne4 b6 24. Ne3 Nc6 25. Nc2 f5 26. Nd2 a5 27.
a4 Rd8 28. f4 Bc3 29. Nf3 Rg8 30. Rg1 h5 31. Ng5 Kd7 32. Rb1 Ke7 33. Kf3 Rd8
34. Ne3 Rd3 35. Rd1 Bd2 0-1

[Event "K41 Efteraars EMT Mesterklassen 2007"]
[Site "Valby"]
[Date "2007.10.02"]
[Round "4"]
[White "Rasmussen, Uffe B"]
[Black "Christensen, Esben"]
[Result "1/2-1/2"]
[WhiteElo "1984"]
[BlackElo "2006"]
[PlyCount "27"]
[EventDate "2007.??.??"]

1. e4 c5 2. Nf3 e6 3. c3 Nf6 4. e5 Nd5 5. d4 cxd4 6. cxd4 b6 7. Bd3 Bb7 8. O-O
d6 9. Nc3 Nxc3 10. bxc3 Qc7 11. Bf4 Nd7 12. Re1 Be7 13. d5 O-O-O 14. dxe6
1/2-1/2

[Event "K41 Efteraars EMT Mesterklassen 2007"]
[Site "Valby"]
[Date "2007.10.02"]
[Round "4"]
[White "Struch, Thomas"]
[Black "Nielsen, Michael"]
[Result "1-0"]
[WhiteElo "2098"]
[BlackElo "2043"]
[PlyCount "126"]
[EventDate "2007.??.??"]

1. e4 e6 2. d4 d5 3. exd5 exd5 4. Bd3 Bd6 5. Nf3 Bg4 6. O-O Ne7 7. Re1 Qd7 8.
Nbd2 Nbc6 9. c3 O-O-O 10. b4 Rde8 11. b5 Nd8 12. Qa4 Kb8 13. Ba3 f6 14. Bc5 Nc8
15. Qb3 Ne6 16. Bxd6 Qxd6 17. Bf1 Ng5 18. Nxg5 fxg5 19. Qb2 Qf6 20. Nb3 Ref8
21. Nc5 Rf7 22. Nd3 Bd7 23. Ne5 Re7 24. a4 h5 25. a5 Rh6 26. Qa2 Qd6 27. Reb1
c5 28. bxc6 Bxc6 29. Rb2 Rc7 30. Rab1 Re6 31. Nd3 Ree7 32. Nc5 Ka8 33. Rb4 Qd8
34. Qd2 Re8 35. Qd3 Nd6 36. Qg6 Qf6 37. Qxh5 Rf7 38. R4b2 Ne4 39. Nxe4 Rxe4 40.
Qh3 Rf8 41. Qg3 Rfe8 42. f3 Re3 43. Rb3 Rxc3 44. Rb4 Qf4 45. Qxf4 gxf4 46. Bb5
Re6 47. Bxc6 Rexc6 48. h4 Rc1+ 49. Kh2 Rxb1 50. Rxb1 Rh6 51. Kh3 Kb8 52. Re1
Rg6 53. Re5 Rd6 54. Rf5 b6 55. axb6 axb6 56. Rxf4 b5 57. Rf5 b4 58. Re5 b3 59.
Re2 Rb6 60. Rb2 Rb4 61. g4 Kc7 62. h5 Kd7 63. Kh4 Ke7 1-0

[Event "K41 Efteraars EMT Mesterklassen 2007"]
[Site "Valby"]
[Date "2007.10.04"]
[Round "5"]
[White "Jakobsen, Peter"]
[Black "Brondum, Eric"]
[Result "1-0"]
[WhiteElo "2215"]
[BlackElo "2126"]
[PlyCount "95"]
[EventDate "2007.??.??"]

1. c4 b6 2. Nc3 Bb7 3. e4 e5 4. g3 Nf6 5. Bg2 Bc5 6. h3 Nc6 7. Nge2 O-O 8. d3
a5 9. O-O Nd4 10. Kh2 c6 11. f4 exf4 12. Nxf4 Qe7 13. Na4 d6 14. b3 b5 15. Nxc5
dxc5 16. Bb2 b4 17. Ne2 Rfd8 18. a3 Qe5 19. Nxd4 cxd4 20. Rf5 Qe7 21. axb4 axb4
22. Rxa8 Bxa8 23. Ra5 c5 24. Qa1 Bc6 25. Ra6 Be8 26. Qf1 Nd7 27. Ra7 Qe6 28.
Bc1 Ne5 29. Bf4 f6 30. Bxe5 fxe5 31. Qf5 Bd7 32. Qxe6+ Bxe6 33. Re7 Rd6 34. Ra7
Rd7 35. Ra6 Kf7 36. h4 Rc7 37. Bh3 Bxh3 38. Kxh3 h5 39. g4 hxg4+ 40. Kxg4 g6
41. Kg5 Rb7 42. Rf6+ Kg7 43. Rxg6+ Kh7 44. Rh6+ Kg7 45. Rc6 Ra7 46. Rxc5 Ra3
47. Rc7+ Kh8 48. Kg6 1-0

[Event "K41 Efteraars EMT Mesterklassen 2007"]
[Site "Valby"]
[Date "2007.10.09"]
[Round "5"]
[White "Christensen, Esben"]
[Black "Hollesen, Kurt"]
[Result "1/2-1/2"]
[WhiteElo "2006"]
[BlackElo "1999"]
[PlyCount "51"]
[EventDate "2007.??.??"]

1. e4 c6 2. Nf3 d5 3. Nc3 dxe4 4. Nxe4 Bg4 5. h3 Bh5 6. Ng3 Bg6 7. h4 h6 8. Ne5
Qd6 9. d4 Nd7 10. Nxg6 Qxg6 11. Bf4 Qe6+ 12. Be2 Nb6 13. O-O Nf6 14. Re1 Qd7
15. c4 e6 16. a4 Bb4 17. Rf1 a5 18. Be3 Qc7 19. Qc2 Nbd7 20. Rad1 Bd6 21. Nh5
Nxh5 22. Bxh5 Nf6 23. Bf3 Bf4 24. Rfe1 O-O 25. Qb3 Bxe3 26. Rxe3 1/2-1/2

[Event "K41 Efteraars EMT Mesterklassen 2007"]
[Site "Valby"]
[Date "2007.10.09"]
[Round "5"]
[White "Eriksson, Christian Altenburg"]
[Black "Struch, Thomas"]
[Result "1-0"]
[WhiteElo "2057"]
[BlackElo "2098"]
[PlyCount "164"]
[EventDate "2007.??.??"]

1. e4 e5 2. Nf3 Nc6 3. Bb5 Nf6 4. O-O Nxe4 5. Re1 Nd6 6. Nxe5 Be7 7. Bd3 Nxe5
8. Rxe5 O-O 9. Nc3 Bf6 10. Re3 Re8 11. Nd5 Rxe3 12. dxe3 Ne8 13. Qf3 c6 14.
Nxf6+ Nxf6 15. b3 d5 16. Bb2 Bg4 17. Bxf6 Qxf6 18. Qxf6 gxf6 19. h3 Be6 20. g4
Kg7 21. Kh2 c5 22. c3 a5 23. a3 d4 24. cxd4 cxd4 25. exd4 Bxb3 26. Be4 Rb8 27.
Kg3 b5 28. Kf4 b4 29. Ke3 Bc4 30. axb4 axb4 31. Rb1 Ba2 32. Rb2 b3 33. f3 Rc8
34. Kd2 Rd8 35. d5 h6 36. h4 f5 37. gxf5 Kf6 38. Ke3 Ke5 39. f4+ Kd6 40. Kd4
Rg8 41. Bf3 Rg3 42. Bd1 Rh3 43. h5 Rg3 44. f6 Rh3 45. Rf2 Rh1 46. Bf3 Rc1 47.
Be4 Re1 48. Bg6 Rc1 49. Rb2 Rc7 50. Bd3 Rb7 51. Bc4 Rb8 52. Bd3 Rg8 53. Bg6 Rf8
54. Bf5 Ra8 55. Bg6 Ra4+ 56. Ke3 Ra7 57. Kd4 Rc7 58. Bd3 Rb7 59. Bc4 Rb4 60.
Kc3 Rb8 61. Kd4 Rb7 62. Bd3 Ra7 63. Bg6 Ra4+ 64. Ke3 Ra7 65. Bf5 Kc5 66. Bg6
Kxd5 67. Kd3 Ke6 68. Be4 Kxf6 69. Ke3 Ra5 70. Bf3 Rc5 71. Kd3 Kf5 72. Kd4 Rc7
73. Be4+ Kxf4 74. Rf2+ Kg3 75. Rg2+ Kh3 76. Rb2 Rc1 77. Ke3 Kg3 78. Rg2+ Kh3
79. Rb2 Re1+ 80. Kf4 Rxe4+ 81. Kxe4 Kg3 82. Ke3 f5 1-0

[Event "K41 Efteraars EMT Mesterklassen 2007"]
[Site "Valby"]
[Date "2007.10.12"]
[Round "5"]
[White "Nielsen, Michael"]
[Black "Rasmussen, Uffe B"]
[Result "1-0"]
[WhiteElo "2043"]
[BlackElo "1984"]
[PlyCount "101"]
[EventDate "2007.??.??"]

1. d4 Nf6 2. Bg5 d5 3. Bxf6 exf6 4. e3 Bd6 5. c4 dxc4 6. Bxc4 O-O 7. Nc3 Nd7 8.
Nge2 f5 9. a3 c6 10. Qc2 Nf6 11. Bd3 g6 12. h4 a5 13. e4 fxe4 14. Nxe4 Nxe4 15.
Bxe4 Re8 16. Bd3 Bf4 17. h5 Qxd4 18. hxg6 hxg6 19. Kf1 Qf6 20. Nxf4 Qxf4 21.
Bxg6 Be6 22. Bh7+ Kg7 23. Be4 Rh8 24. Rxh8 Rxh8 25. g3 Qe5 26. Rd1 Qb5+ 27. Kg1
Rh5 28. Qc3+ Qe5 29. Qxe5+ Rxe5 30. Bf3 Bd5 31. Kg2 Bxf3+ 32. Kxf3 Rb5 33. Rd2
a4 34. Kg4 Kf6 35. f4 Ke6 36. Re2+ Kd6 37. f5 Re5 38. Rh2 b5 39. Kf4 Rc5 40. g4
f6 41. Re2 Rc4+ 42. Kf3 Kd5 43. Re6 Rc2 44. Rxf6 Rxb2 45. g5 Rb3+ 46. Kf4 Rxa3
47. g6 Ra1 48. g7 Rf1+ 49. Ke3 Re1+ 50. Kd2 Re8 51. Rf8 1-0

[Event "K41 Efteraars EMT Mesterklassen 2007"]
[Site "Valby"]
[Date "2007.10.16"]
[Round "6"]
[White "Rasmussen, Uffe B"]
[Black "Hollesen, Kurt"]
[Result "1-0"]
[WhiteElo "1984"]
[BlackElo "1999"]
[PlyCount "103"]
[EventDate "2007.??.??"]

1. e4 c6 2. Nc3 d5 3. Nf3 dxe4 4. Nxe4 Bg4 5. h3 Bxf3 6. Qxf3 e6 7. c3 Nd7 8.
d4 Ngf6 9. Bd3 Nxe4 10. Qxe4 Nf6 11. Qh4 Be7 12. O-O Qb6 13. a4 a5 14. Re1 h6
15. Re2 O-O-O 16. Qg3 g5 17. Qf3 Rdg8 18. b4 h5 19. bxa5 Qxa5 20. Bc4 g4 21.
Qd3 gxh3 22. Qxh3 Nd5 23. Bxd5 Qxd5 24. a5 Rg4 25. a6 b5 26. a7 Kb7 27. Re5 Qb3
28. Qf3 Ra8 29. Rxh5 Rg7 30. Bh6 Rh7 31. Bf4 Rxh5 32. Qxh5 Rxa7 33. Rxa7+ Kxa7
34. Qxf7 Qb1+ 35. Kh2 Qf5 36. Qxe7+ Ka6 37. Qa3+ Kb7 38. Qd6 Qh5+ 39. Kg3 Qg6+
40. Kf3 Qd3+ 41. Kg4 Qg6+ 42. Kf3 Qd3+ 43. Be3 Qxc3 44. Qxe6 b4 45. d5 cxd5 46.
Qb6+ Kc8 47. Qc5+ Kb8 48. Qxc3 bxc3 49. g4 Kc7 50. g5 Kd6 51. Ke2 Ke5 52. Kd3
1-0

[Event "K41 Efteraars EMT Mesterklassen 2007"]
[Site "Valby"]
[Date "2007.10.23"]
[Round "6"]
[White "Brondum, Eric"]
[Black "Christensen, Esben"]
[Result "1-0"]
[WhiteElo "2126"]
[BlackElo "2006"]
[PlyCount "67"]
[EventDate "2007.??.??"]

1. d4 Nf6 2. Bg5 Ne4 3. Bf4 d5 4. f3 Nf6 5. e4 dxe4 6. Nc3 e3 7. Bc4 c6 8. Qd3
e6 9. Qxe3 Be7 10. Nge2 O-O 11. g4 b5 12. Bd3 Nd5 13. Nxd5 exd5 14. Ng3 Re8 15.
O-O-O Bd6 16. Qd2 Bxf4 17. Qxf4 Na6 18. Rde1 Rxe1+ 19. Rxe1 Be6 20. c3 Nc7 21.
g5 b4 22. cxb4 a5 23. bxa5 Rxa5 24. a3 c5 25. dxc5 Rxc5+ 26. Kb1 d4 27. Rc1 Nd5
28. Bxh7+ Kf8 29. Qd2 Rxc1+ 30. Kxc1 Ne3 31. Qb4+ Ke8 32. Bd3 Qc8+ 33. Kb1 Bf5
34. Nxf5 1-0

[Event "K41 Efteraars EMT Mesterklassen 2007"]
[Site "Valby"]
[Date "2007.10.23"]
[Round "6"]
[White "Nielsen, Michael"]
[Black "Eriksson, Christian Altenburg"]
[Result "1/2-1/2"]
[WhiteElo "2043"]
[BlackElo "2057"]
[PlyCount "37"]
[EventDate "2007.??.??"]

1. d4 Nf6 2. Bg5 e6 3. e4 h6 4. Bxf6 Qxf6 5. Qd2 d6 6. Nc3 Nd7 7. f4 a6 8. Nf3
Qd8 9. Bd3 Be7 10. O-O O-O 11. Ne2 c5 12. c3 b6 13. Ng3 cxd4 14. cxd4 e5 15.
fxe5 dxe5 16. d5 Bd6 17. Nf5 Nc5 18. N3h4 Be7 19. Nxe7+ 1/2-1/2

[Event "K41 Efteraars EMT Mesterklassen 2007"]
[Site "Valby"]
[Date "2007.10.23"]
[Round "7"]
[White "Hollesen, Kurt"]
[Black "Brondum, Eric"]
[Result "0-1"]
[WhiteElo "1999"]
[BlackElo "2126"]
[PlyCount "68"]
[EventDate "2007.??.??"]

1. e4 c5 2. c4 Nc6 3. Nc3 Nf6 4. g3 e6 5. Bg2 d5 6. exd5 exd5 7. Nxd5 Nxd5 8.
Bxd5 Nb4 9. Be4 Be7 10. a3 Nd3+ 11. Bxd3 Qxd3 12. Qe2 Bf5 13. Nf3 Qxe2+ 14.
Kxe2 Bf6 15. d3 O-O-O 16. Rd1 Rhe8+ 17. Be3 Bxb2 18. Rab1 Bd4 19. Rb3 Bg4 20.
Rdb1 Rd7 21. h3 Bxh3 22. Kd2 Bg4 23. Ne1 Re6 24. Nc2 Bf3 25. a4 Ra6 26. Ra3 Rf6
27. a5 a6 28. Re1 Bxe3+ 29. Rxe3 Bc6 30. f4 Rdd6 31. Re5 Rg6 32. Rxc5 Rxg3 33.
Ne3 Rh6 34. Ra1 Rh2+ 0-1

[Event "K41 Efteraars EMT Mesterklassen 2007"]
[Site "Valby"]
[Date "2007.10.30"]
[Round "7"]
[White "Jakobsen, Peter"]
[Black "Nielsen, Michael"]
[Result "1-0"]
[WhiteElo "2215"]
[BlackElo "2043"]
[PlyCount "63"]
[EventDate "2007.??.??"]

1. e4 c5 2. Nf3 Nc6 3. d4 cxd4 4. Nxd4 Nf6 5. Nc3 e5 6. Ndb5 d6 7. Bg5 a6 8.
Na3 b5 9. Nd5 Qa5+ 10. Bd2 Qd8 11. Bg5 Qa5+ 12. Bd2 Qd8 13. Bd3 Be6 14. Nxf6+
gxf6 15. O-O Qd7 16. c4 b4 17. Nc2 a5 18. Ne3 Be7 19. Nd5 Rb8 20. Be3 Rg8 21.
Kh1 Bg4 22. f3 Be6 23. Bc2 Qc8 24. Ba4 Rg6 25. c5 Bd8 26. cxd6 Bd7 27. f4 b3
28. axb3 Nb4 29. Rc1 Qb7 30. Nc7+ Kf8 31. Bxd7 Qxe4 32. Qf3 1-0

[Event "K41 Efteraars EMT Mesterklassen 2007"]
[Site "Valby"]
[Date "2007.10.30"]
[Round "7"]
[White "Eriksson, Christian Altenburg"]
[Black "Rasmussen, Uffe B"]
[Result "0-1"]
[WhiteElo "2057"]
[BlackElo "1984"]
[PlyCount "50"]
[EventDate "2007.??.??"]

1. e4 e6 2. d4 d5 3. e5 c5 4. c3 Nc6 5. Nf3 Bd7 6. a3 Rc8 7. Bd3 cxd4 8. cxd4
Qb6 9. O-O Nxd4 10. Nxd4 Qxd4 11. Qe2 Ne7 12. Kh1 Ng6 13. Bb5 Qxe5 14. Bxd7+
Kxd7 15. Qb5+ Rc6 16. Qxb7+ Qc7 17. Qb5 Bd6 18. f4 Rb8 19. Qa4 Ke7 20. Nc3 Rc4
21. Qd1 Bxf4 22. Qe2 Kf8 23. Qf2 Bxh2 24. g3 Bxg3 25. Qe3 d4 0-1

[Event "K41 Efteraars EMT Mesterklassen 2007"]
[Site "Valby"]
[Date "2007.10.30"]
[Round "7"]
[White "Christensen, Esben"]
[Black "Struch, Thomas"]
[Result "1-0"]
[WhiteElo "2006"]
[BlackElo "2098"]
[PlyCount "71"]
[EventDate "2007.??.??"]

1. e4 e5 2. Nf3 Nc6 3. Bc4 Nf6 4. d3 h6 5. c3 d6 6. O-O g6 7. h3 Bg7 8. Be3 O-O
9. Re1 Na5 10. Bb5 a6 11. Ba4 b5 12. Bc2 c5 13. Nbd2 Nh7 14. d4 cxd4 15. cxd4
f5 16. dxe5 dxe5 17. b4 Nc6 18. Bb3+ Kh8 19. Bc5 Ne7 20. Nh4 Rf6 21. Ndf3 Qc7
22. Nxe5 Qxe5 23. exf5 Qf4 24. Bxe7 Qxh4 25. Qd5 Bb7 26. Qxb7 Raf8 27. Bxf8
Rxf8 28. Re7 Qf6 29. Rd1 Ng5 30. Qd7 gxf5 31. Qd6 Qb2 32. f3 Rf6 33. Qd8+ Bf8
34. Re8 Nh7 35. Qd5 Rg6 36. Qd4+ 1-0